000 00591nam a22001937a 4500
003 OSt
005 20260415063343.0
008 260415b |||||||| |||| 00| 0 eng d
020 _a978-971-27-1835-9
040 _aDWCL - Main Lib.
_cOC
082 _aRes. 899.2104 Y68 2006
100 _aAruta, Jorge V.
_eEditor
245 _aYoungblood 3 /
_cJorge V. Aruta and Ruel S. De Vera
260 _aPasig City :
_bAnvil Publications,
_cc2006.
300 _a219 p. ;
_c22 cm.
650 _a1. Philippine essays (English).
700 _aI. De Vera, Ruel S.
_eEditor
942 _2ddc
_cBK-0 CIRC
_n0
999 _c9456
_d9456